[Event "Team Championship Russia (Blitz, Women)"]
[Site "Sochi"]
[Date "2018.10.10"]
[Round "3.11"]
[White "Maltsevskaya, Aleksandra"]
[Black "Tomilova, Elena"]
[Result "0-1"]
[BlackElo "2207"]
[WhiteElo "2269"]
[LiveChessVersion "1.4.8"]

1. e4 {[%clk 0:02:57]} e6 {[%clk 0:03:03]} 2. Qe2 {[%clk 0:02:54]} c5
{[%clk 0:03:03]} 3. g3 {[%clk 0:02:53]} Nc6 {[%clk 0:03:03]} 4. Bg2
{[%clk 0:02:54]} g6 {[%clk 0:03:04]} 5. d3 {[%clk 0:02:55]} Bg7 {[%clk 0:03:05]}
6. Nf3 {[%clk 0:02:55]} Nge7 {[%clk 0:03:03]} 7. O-O {[%clk 0:02:55]} O-O
{[%clk 0:03:04]} 8. c3 {[%clk 0:02:55]} d6 {[%clk 0:02:59]} 9. Nbd2
{[%clk 0:02:53]} Rb8 {[%clk 0:02:59]} 10. a4 {[%clk 0:02:46]} a6 {[%clk 0:03:00]}
11. Rd1 {[%clk 0:01:35]} b5 {[%clk 0:03:01]} 12. axb5 {[%clk 0:01:36]} axb5
{[%clk 0:03:02]} 13. Nf1 {[%clk 0:01:37]} Qb6 {[%clk 0:02:42]} 14. Ne3
{[%clk 0:01:35]} Ba6 {[%clk 0:02:39]} 15. h4 {[%clk 0:01:28]} Ra8
{[%clk 0:02:31]} 16. Rb1 {[%clk 0:01:17]} b4 {[%clk 0:02:27]} 17. c4
{[%clk 0:01:18]} Nd4 {[%clk 0:02:19]} 18. Nxd4 {[%clk 0:01:19]} cxd4
{[%clk 0:02:20]} 19. Ng4 {[%clk 0:01:12]} h5 {[%clk 0:02:20]} 20. Nh2
{[%clk 0:01:09]} b3 {[%clk 0:02:04]} 21. g4 {[%clk 0:00:52]} Qc5 {[%clk 0:01:53]}
22. Kh1 {[%clk 0:00:33]} hxg4 {[%clk 0:01:49]} 23. Qxg4 {[%clk 0:00:34]} Qh5
{[%clk 0:01:37]} 24. Qxh5 {[%clk 0:00:32]} gxh5 {[%clk 0:01:38]} 25. Bf3
{[%clk 0:00:33]} Ng6 {[%clk 0:01:35]} 26. Rg1 {[%clk 0:00:34]} Kh7
{[%clk 0:01:32]} 27. Bxh5 {[%clk 0:00:31]} Nxh4 {[%clk 0:01:33]} 28. Bd2
{[%clk 0:00:21]} f5 {[%clk 0:01:26]} 29. Bg5 {[%clk 0:00:16]} Bf6
{[%clk 0:01:25]} 30. Bxh4 {[%clk 0:00:13]} Bxh4 {[%clk 0:01:25]} 31. exf5
{[%clk 0:00:11]} exf5 {[%clk 0:01:16]} 32. Bf3 {[%clk 0:00:10]} Ra7
{[%clk 0:01:13]} 33. Ra1 {[%clk 0:00:10]} Bxf2 34. Rg5 Be3 {[%clk 0:00:59]} 35.
Rh5+ {[%clk 0:00:09]} Kg6 {[%clk 0:00:59]} 36. Rh3 {[%clk 0:00:05]} Rff7
{[%clk 0:00:48]} 37. Bh5+ {[%clk 0:00:04]} Kf6 {[%clk 0:00:46]} 38. Bf3
{[%clk 0:00:05]} Bc8 {[%clk 0:00:40]} 39. Rf1 {[%clk 0:00:06]} Ra2
{[%clk 0:00:38]} 40. Bd5 {[%clk 0:00:06]} Rg7 {[%clk 0:00:38]} 41. Rb1
{[%clk 0:00:03]} Rxb2 {[%clk 0:00:30]} 42. Rf1 {[%clk 0:00:04]} Rf2
{[%clk 0:00:29]} 43. Rb1 {[%clk 0:00:03]} b2 {[%clk 0:00:30]} 44. Nf1
{[%clk 0:00:04]} Rc2 {[%clk 0:00:29]} 45. Rh2 {[%clk 0:00:03]} Rc1
{[%clk 0:00:28]} 46. Rhxb2 {[%clk 0:00:03]} Rg1+ {[%clk 0:00:28]} 47. Kh2
{[%clk 0:00:04]} Rgxf1 {[%clk 0:00:29]} 48. Rxc1 {[%clk 0:00:04]} Rxc1
{[%clk 0:00:29]} 49. Rb8 {[%clk 0:00:06]} Be6 {[%clk 0:00:28]} 50. Bc6
{[%clk 0:00:04]} Ke5 {[%clk 0:00:26]} 51. Re8 {[%clk 0:00:04]} Kf6
{[%clk 0:00:25]} 52. Rd8 {[%clk 0:00:04]} Ke7 {[%clk 0:00:25]} 53. Rh8
{[%clk 0:00:04]} Rd1 {[%clk 0:00:25]} 54. Rh7+ {[%clk 0:00:04]} Kf6
{[%clk 0:00:25]} 55. Kg2 {[%clk 0:00:03]} Rxd3 {[%clk 0:00:26]} 56. Bb5
{[%clk 0:00:00]} Rd2+ 0-1

[Event "Team Championship Russia (Blitz, Women)"]
[Site "Sochi"]
[Date "2018.10.10"]
[Round "3.12"]
[White "Gritsayeva, Oksana"]
[Black "Drozdova, Dina"]
[Result "1-0"]
[BlackElo "2164"]
[WhiteElo "2083"]
[LiveChessVersion "1.4.8"]

1. b3 {[%clk 0:03:03]} d5 {[%clk 0:03:02]} 2. Bb2 {[%clk 0:03:04]} c5
{[%clk 0:03:02]} 3. e3 {[%clk 0:03:05]} Nc6 {[%clk 0:03:03]} 4. Nf3
{[%clk 0:03:05]} Nf6 {[%clk 0:03:00]} 5. Bb5 {[%clk 0:03:03]} Bd7
{[%clk 0:02:44]} 6. O-O {[%clk 0:03:03]} a6 {[%clk 0:02:44]} 7. Bxc6
{[%clk 0:03:02]} Bxc6 {[%clk 0:02:45]} 8. Ne5 {[%clk 0:03:03]} Rc8
{[%clk 0:02:43]} 9. f4 {[%clk 0:03:00]} e6 {[%clk 0:02:40]} 10. d3
{[%clk 0:03:01]} Be7 {[%clk 0:02:33]} 11. Nd2 {[%clk 0:03:01]} O-O
{[%clk 0:02:09]} 12. Ndf3 {[%clk 0:03:03]} Nd7 {[%clk 0:02:08]} 13. Qe1
{[%clk 0:02:59]} f6 {[%clk 0:02:06]} 14. Nxd7 {[%clk 0:02:41]} Qxd7
{[%clk 0:02:02]} 15. Qh4 {[%clk 0:02:35]} b5 {[%clk 0:01:59]} 16. g4
{[%clk 0:02:26]} c4 {[%clk 0:01:33]} 17. g5 {[%clk 0:02:19]} f5 {[%clk 0:01:11]}
18. Ne5 {[%clk 0:02:14]} Qb7 {[%clk 0:00:49]} 19. Bd4 {[%clk 0:02:15]} Be8
{[%clk 0:00:48]} 20. Rf2 {[%clk 0:02:10]} cxb3 {[%clk 0:00:48]} 21. cxb3
{[%clk 0:02:05]} Bd6 {[%clk 0:00:41]} 22. Qh3 {[%clk 0:01:59]} Bxe5
{[%clk 0:00:40]} 23. Bxe5 {[%clk 0:01:57]} Bg6 {[%clk 0:00:35]} 24. Qf3
{[%clk 0:01:58]} Rc6 {[%clk 0:00:34]} 25. h4 {[%clk 0:01:58]} Rfc8
{[%clk 0:00:31]} 26. h5 {[%clk 0:01:55]} Be8 {[%clk 0:00:32]} 27. h6
{[%clk 0:01:53]} g6 28. Qd1 Qb6 {[%clk 0:00:12]} 29. Bd4 {[%clk 0:01:50]} Qa5
{[%clk 0:00:12]} 30. Kg2 {[%clk 0:01:43]} Qa3 {[%clk 0:00:13]} 31. Qd2
{[%clk 0:01:42]} Qe7 {[%clk 0:00:13]} 32. Qa5 {[%clk 0:01:38]} Qb7
{[%clk 0:00:12]} 33. Qb4 {[%clk 0:01:36]} Qf7 {[%clk 0:00:11]} 34. Bb2
{[%clk 0:01:34]} e5 {[%clk 0:00:06]} 35. Bxe5 {[%clk 0:01:32]} Rc2
{[%clk 0:00:07]} 36. Raf1 {[%clk 0:01:32]} Rxf2+ {[%clk 0:00:05]} 37. Rxf2
{[%clk 0:01:33]} Qe6 {[%clk 0:00:06]} 38. Bd4 {[%clk 0:01:30]} Bf7
{[%clk 0:00:07]} 39. Qd2 {[%clk 0:01:27]} Be8 {[%clk 0:00:08]} 40. Ba1
{[%clk 0:01:26]} Bc6 {[%clk 0:00:09]} 41. Kg3 {[%clk 0:01:25]} d4
{[%clk 0:00:09]} 42. Bxd4 Qd5 43. Qc1 {[%clk 0:00:54]} Bb7 {[%clk 0:00:11]} 44.
Qa1 {[%clk 0:00:48]} Qh1 {[%clk 0:00:08]} 45. Qxh1 {[%clk 0:00:48]} Bxh1
{[%clk 0:00:09]} 46. Rd2 {[%clk 0:00:46]} Kf7 {[%clk 0:00:10]} 47. Be5
{[%clk 0:00:46]} Ke6 {[%clk 0:00:11]} 48. Kf2 {[%clk 0:00:44]} Rc1
{[%clk 0:00:10]} 49. a4 {[%clk 0:00:41]} Bc6 {[%clk 0:00:10]} 50. axb5
{[%clk 0:00:40]} Bxb5 {[%clk 0:00:11]} 51. Ke2 {[%clk 0:00:35]} Rh1
{[%clk 0:00:11]} 52. Kf2 {[%clk 0:00:30]} Rh2+ {[%clk 0:00:09]} 53. Ke1
{[%clk 0:00:31]} Rh1+ {[%clk 0:00:09]} 54. Ke2 {[%clk 0:00:31]} Rh2+
{[%clk 0:00:08]} 55. Kd1 {[%clk 0:00:31]} Rh3 {[%clk 0:00:08]} 56. Bd4
{[%clk 0:00:30]} Rh1+ {[%clk 0:00:08]} 57. Kc2 {[%clk 0:00:30]} Kd5
{[%clk 0:00:09]} 58. Kb2 {[%clk 0:00:29]} Re1 {[%clk 0:00:08]} 59. Rc2
{[%clk 0:00:29]} Bxd3 {[%clk 0:00:09]} 60. Rc7 {[%clk 0:00:29]} Rh1
{[%clk 0:00:05]} 61. Rxh7 {[%clk 0:00:30]} Kc6 {[%clk 0:00:04]} 62. Rg7
{[%clk 0:00:30]} Be4 {[%clk 0:00:04]} 63. Rxg6+ {[%clk 0:00:31]} Kb5
{[%clk 0:00:05]} 64. Rb6+ {[%clk 0:00:28]} Ka5 {[%clk 0:00:06]} 65. Rb8
{[%clk 0:00:27]} Rb1+ {[%clk 0:00:05]} 66. Ka2 {[%clk 0:00:26]} Rh1
{[%clk 0:00:05]} 67. Bc3# {[%clk 0:00:27]} 1-0

[Event "Team Championship Russia (Blitz, Women)"]
[Site "Sochi"]
[Date "2018.10.10"]
[Round "4.1"]
[White "Pogonina, Natalija"]
[Black "Bodnaruk, Anastasia"]
[Result "1/2-1/2"]
[BlackElo "2358"]
[WhiteElo "2328"]
[LiveChessVersion "1.4.8"]

1. d4 {[%clk 0:03:03]} Nf6 {[%clk 0:03:03]} 2. c4 {[%clk 0:03:03]} g6
{[%clk 0:03:04]} 3. Nf3 {[%clk 0:03:03]} Bg7 {[%clk 0:03:05]} 4. e3
{[%clk 0:03:04]} O-O {[%clk 0:03:03]} 5. Be2 {[%clk 0:03:04]} d6 {[%clk 0:03:03]}
6. O-O {[%clk 0:03:04]} Nbd7 {[%clk 0:02:59]} 7. Nc3 {[%clk 0:03:02]} c6
{[%clk 0:02:56]} 8. b3 {[%clk 0:02:56]} Qc7 {[%clk 0:02:46]} 9. Qc2
{[%clk 0:02:50]} e5 {[%clk 0:02:45]} 10. dxe5 {[%clk 0:02:46]} Nxe5
{[%clk 0:02:45]} 11. Nxe5 {[%clk 0:02:45]} dxe5 {[%clk 0:02:46]} 12. Ba3
{[%clk 0:02:39]} Rd8 {[%clk 0:02:43]} 13. Rad1 {[%clk 0:02:33]} Bf5
{[%clk 0:02:43]} 14. e4 {[%clk 0:02:26]} Be6 {[%clk 0:02:44]} 15. Bc5
{[%clk 0:02:19]} b6 {[%clk 0:02:12]} 16. Be3 {[%clk 0:02:19]} Ng4
{[%clk 0:02:05]} 17. Bxg4 {[%clk 0:02:15]} Bxg4 {[%clk 0:02:06]} 18. f3
{[%clk 0:02:16]} Be6 {[%clk 0:02:07]} 19. Rxd8+ {[%clk 0:01:53]} Rxd8
{[%clk 0:02:08]} 20. Rd1 {[%clk 0:01:54]} f5 {[%clk 0:01:55]} 21. Rd2
{[%clk 0:01:45]} Rd7 {[%clk 0:01:53]} 22. Qd1 {[%clk 0:01:41]} f4
{[%clk 0:01:36]} 23. Bf2 {[%clk 0:01:38]} Bf8 {[%clk 0:01:34]} 24. Rxd7
{[%clk 0:01:37]} Qxd7 {[%clk 0:01:20]} 25. Qxd7 {[%clk 0:01:36]} Bxd7
{[%clk 0:01:21]} 26. Ne2 {[%clk 0:01:32]} Be6 {[%clk 0:01:05]} 27. Nc1
{[%clk 0:01:31]} Kf7 {[%clk 0:00:48]} 28. Nd3 {[%clk 0:01:31]} Bd6
{[%clk 0:00:35]} 29. Be1 {[%clk 0:01:15]} Bc8 {[%clk 0:00:33]} 30. Bc3
{[%clk 0:01:12]} Ke6 {[%clk 0:00:34]} 31. Kf2 {[%clk 0:01:07]} c5
{[%clk 0:00:28]} 32. Bb2 {[%clk 0:00:54]} Bd7 {[%clk 0:00:26]} 33. Ke2
{[%clk 0:00:48]} g5 {[%clk 0:00:26]} 34. Nf2 {[%clk 0:00:46]} Be8
{[%clk 0:00:18]} 35. h3 {[%clk 0:00:45]} Bd7 {[%clk 0:00:19]} 36. Nd1
{[%clk 0:00:44]} Bc6 {[%clk 0:00:19]} 37. Nc3 {[%clk 0:00:44]} Bd7
{[%clk 0:00:20]} 38. Nd5 {[%clk 0:00:39]} Bc6 {[%clk 0:00:18]} 39. Kd3
{[%clk 0:00:38]} h5 {[%clk 0:00:15]} 40. a4 {[%clk 0:00:33]} Kf7 {[%clk 0:00:09]}
41. Nc3 {[%clk 0:00:30]} Ke6 {[%clk 0:00:09]} 42. Nd5 {[%clk 0:00:26]} Kf7
{[%clk 0:00:11]} 43. Nc3 {[%clk 0:00:26]} Bd7 {[%clk 0:00:09]} 44. Nb5 Bb8 45.
Nc3 {[%clk 0:00:24]} g4 {[%clk 0:00:10]} 46. hxg4 {[%clk 0:00:25]} hxg4
{[%clk 0:00:12]} 47. Ke2 {[%clk 0:00:25]} Kg6 {[%clk 0:00:10]} 48. Nd5
{[%clk 0:00:24]} Bd6 {[%clk 0:00:11]} 49. Kf2 {[%clk 0:00:24]} Kg5
{[%clk 0:00:09]} 50. Bc3 {[%clk 0:00:24]} Kg6 {[%clk 0:00:10]} 51. Bb2
{[%clk 0:00:24]} Kg5 {[%clk 0:00:09]} 52. Bc3 {[%clk 0:00:20]} g3+
{[%clk 0:00:09]} 53. Kf1 {[%clk 0:00:17]} Kg6 {[%clk 0:00:10]} 54. Bb2
{[%clk 0:00:18]} Kf7 {[%clk 0:00:12]} 55. Bc3 {[%clk 0:00:19]} Ke6
{[%clk 0:00:13]} 56. Bb2 {[%clk 0:00:20]} Bc6 {[%clk 0:00:14]} 57. Bc3
{[%clk 0:00:22]} Kf7 {[%clk 0:00:06]} 58. Bb2 {[%clk 0:00:23]} Ke6
{[%clk 0:00:06]} 59. Bc3 Kd7 60. Bb2 {[%clk 0:00:25]} Ke6 {[%clk 0:00:08]} 61.
Bc3 {[%clk 0:00:26]} Bxd5 {[%clk 0:00:07]} 62. cxd5+ {[%clk 0:00:24]} Kd7
{[%clk 0:00:08]} 63. Ke2 a6 64. Kd3 {[%clk 0:00:20]} b5 {[%clk 0:00:11]} 65. axb5
{[%clk 0:00:21]} axb5 {[%clk 0:00:12]} 66. Ba5 {[%clk 0:00:12]} Kc8
{[%clk 0:00:11]} 67. Kc3 {[%clk 0:00:11]} Kd7 {[%clk 0:00:12]} 68. b4
{[%clk 0:00:09]} c4 {[%clk 0:00:11]} 69. Bb6 {[%clk 0:00:09]} Kc8
{[%clk 0:00:10]} 70. Bg1 {[%clk 0:00:08]} Kd7 {[%clk 0:00:11]} 71. Bb6
{[%clk 0:00:07]} Kc8 {[%clk 0:00:13]} 72. Bc5 {[%clk 0:00:06]} Kd7
{[%clk 0:00:11]} 73. Bb6 {[%clk 0:00:07]} Kc8 {[%clk 0:00:13]} 74. Bc5
{[%clk 0:00:08]} Kd7 {[%clk 0:00:14]} 75. Bb6 {[%clk 0:00:10]} 1/2-1/2

[Event "Team Championship Russia (Blitz, Women)"]
[Site "Sochi"]
[Date "2018.10.10"]
[Round "4.2"]
[White "Ovod, Evgenija"]
[Black "Girya, Olga"]
[Result "0-1"]
[BlackElo "2389"]
[WhiteElo "2172"]
[LiveChessVersion "1.4.8"]

1. d4 {[%clk 0:03:03]} d5 {[%clk 0:03:03]} 2. Bf4 {[%clk 0:03:05]} c5
{[%clk 0:03:03]} 3. e3 {[%clk 0:03:06]} cxd4 {[%clk 0:03:04]} 4. exd4
{[%clk 0:03:07]} Nc6 {[%clk 0:03:05]} 5. c3 {[%clk 0:03:08]} Bf5 {[%clk 0:03:06]}
6. Nd2 {[%clk 0:03:04]} e6 {[%clk 0:03:04]} 7. Ngf3 {[%clk 0:03:02]} Bd6
{[%clk 0:02:58]} 8. Bg3 {[%clk 0:03:00]} Nf6 {[%clk 0:02:55]} 9. Be2
{[%clk 0:03:01]} O-O {[%clk 0:02:55]} 10. O-O {[%clk 0:03:01]} h6
{[%clk 0:02:56]} 11. Ne5 {[%clk 0:02:58]} Bxe5 {[%clk 0:02:47]} 12. dxe5
{[%clk 0:02:55]} Nd7 {[%clk 0:02:48]} 13. Nf3 {[%clk 0:02:45]} Be4
{[%clk 0:02:48]} 14. Re1 {[%clk 0:02:38]} Qb6 {[%clk 0:02:46]} 15. Qd2
{[%clk 0:02:33]} Rac8 {[%clk 0:02:31]} 16. Rad1 {[%clk 0:02:25]} Nc5
{[%clk 0:02:21]} 17. Nd4 {[%clk 0:02:20]} Nxd4 {[%clk 0:02:16]} 18. cxd4
{[%clk 0:02:05]} Na4 {[%clk 0:02:15]} 19. b3 {[%clk 0:02:01]} Rc2
{[%clk 0:02:04]} 20. Qf4 {[%clk 0:01:59]} Nc3 {[%clk 0:02:01]} 21. Bd3
{[%clk 0:01:43]} Bxd3 {[%clk 0:01:32]} 22. Rxd3 {[%clk 0:01:44]} Ne2+
{[%clk 0:01:33]} 23. Rxe2 {[%clk 0:01:42]} Rxe2 {[%clk 0:01:34]} 24. h4
{[%clk 0:01:41]} Rc8 {[%clk 0:01:31]} 25. h5 {[%clk 0:01:38]} Qc6
{[%clk 0:01:22]} 26. Qg4 {[%clk 0:01:19]} Re1+ {[%clk 0:00:54]} 27. Kh2
{[%clk 0:01:20]} Kh7 {[%clk 0:00:49]} 28. Bf4 {[%clk 0:01:14]} Qc2
{[%clk 0:00:46]} 29. Rg3 {[%clk 0:01:13]} Rg8 {[%clk 0:00:47]} 30. Bxh6
{[%clk 0:00:41]} Qd1 {[%clk 0:00:26]} 31. Rf3 {[%clk 0:00:37]} Rh1+
{[%clk 0:00:24]} 32. Kg3 {[%clk 0:00:38]} gxh6 {[%clk 0:00:21]} 33. Rxf7+
{[%clk 0:00:39]} Kh8 {[%clk 0:00:22]} 0-1

[Event "Team Championship Russia (Blitz, Women)"]
[Site "Sochi"]
[Date "2018.10.10"]
[Round "4.3"]
[White "Guseva, Marina"]
[Black "Belenkaya, Dina"]
[Result "0-1"]
[BlackElo "2164"]
[WhiteElo "2292"]
[LiveChessVersion "1.4.8"]

1. d4 {[%clk 0:03:03]} d5 {[%clk 0:03:03]} 2. c4 {[%clk 0:03:04]} dxc4
{[%clk 0:03:04]} 3. e4 {[%clk 0:03:05]} Nf6 {[%clk 0:03:05]} 4. e5
{[%clk 0:03:06]} Nd5 {[%clk 0:03:06]} 5. Bxc4 {[%clk 0:03:07]} Bf5
{[%clk 0:03:07]} 6. Ne2 {[%clk 0:03:06]} e6 {[%clk 0:03:07]} 7. O-O
{[%clk 0:03:00]} Nc6 {[%clk 0:03:08]} 8. a3 {[%clk 0:02:53]} Nb6 {[%clk 0:03:09]}
9. Ba2 {[%clk 0:02:49]} Be7 {[%clk 0:03:06]} 10. Nbc3 {[%clk 0:02:50]} Qd7
{[%clk 0:03:04]} 11. Be3 {[%clk 0:02:50]} O-O-O {[%clk 0:02:59]} 12. Qc1
{[%clk 0:02:40]} Kb8 {[%clk 0:02:55]} 13. b4 {[%clk 0:02:37]} f6 {[%clk 0:02:21]}
14. Rd1 {[%clk 0:02:20]} Bf8 {[%clk 0:01:46]} 15. d5 {[%clk 0:01:50]} exd5
{[%clk 0:01:44]} 16. exf6 {[%clk 0:01:42]} gxf6 {[%clk 0:01:40]} 17. Nxd5
{[%clk 0:01:42]} Nxd5 {[%clk 0:01:37]} 18. Rxd5 {[%clk 0:01:31]} Bd6
{[%clk 0:01:32]} 19. Nf4 {[%clk 0:00:57]} Ne7 {[%clk 0:01:27]} 20. Rd1 Qc6
{[%clk 0:01:10]} 21. Qxc6 {[%clk 0:00:55]} Nxc6 {[%clk 0:01:11]} 22. Ne6
{[%clk 0:00:53]} Rde8 {[%clk 0:01:07]} 23. Nc5 {[%clk 0:00:50]} Be5
{[%clk 0:00:57]} 24. Rac1 {[%clk 0:00:32]} Bb2 {[%clk 0:00:55]} 25. Rc4
{[%clk 0:00:28]} Bxa3 {[%clk 0:00:46]} 26. b5 {[%clk 0:00:29]} Ne5
{[%clk 0:00:37]} 27. Ra4 {[%clk 0:00:27]} Bxc5 {[%clk 0:00:36]} 28. Bxc5
{[%clk 0:00:28]} b6 {[%clk 0:00:34]} 29. Be3 {[%clk 0:00:29]} Be6
{[%clk 0:00:33]} 30. Bxe6 {[%clk 0:00:27]} Rxe6 {[%clk 0:00:34]} 31. Rda1
{[%clk 0:00:28]} a5 {[%clk 0:00:30]} 32. bxa6 {[%clk 0:00:28]} Ka7
{[%clk 0:00:29]} 33. h3 {[%clk 0:00:26]} c5 {[%clk 0:00:25]} 34. Rb1
{[%clk 0:00:22]} Rc8 {[%clk 0:00:24]} 35. Rh4 {[%clk 0:00:22]} Rc7
{[%clk 0:00:24]} 36. Bf4 {[%clk 0:00:19]} c4 {[%clk 0:00:22]} 37. Re1
{[%clk 0:00:15]} Kxa6 {[%clk 0:00:21]} 38. Bd2 {[%clk 0:00:15]} Rec6
{[%clk 0:00:19]} 39. Bc3 {[%clk 0:00:16]} Nd3 {[%clk 0:00:18]} 40. Ra1+
{[%clk 0:00:17]} Kb7 {[%clk 0:00:19]} 41. Rh5 {[%clk 0:00:15]} Nf4
{[%clk 0:00:16]} 42. Rf5 {[%clk 0:00:08]} Ne2+ {[%clk 0:00:17]} 43. Kf1
{[%clk 0:00:09]} Nxc3 {[%clk 0:00:19]} 0-1

[Event "Team Championship Russia (Blitz, Women)"]
[Site "Sochi"]
[Date "2018.10.10"]
[Round "4.4"]
[White "Styazhkina, Anna"]
[Black "Kovanova, Baira"]
[Result "1-0"]
[BlackElo "2205"]
[WhiteElo "2128"]
[LiveChessVersion "1.4.8"]

1. e4 {[%clk 0:03:02]} e5 {[%clk 0:03:03]} 2. Nc3 {[%clk 0:02:58]} Nf6
{[%clk 0:03:03]} 3. f4 {[%clk 0:02:56]} d5 {[%clk 0:03:03]} 4. fxe5
{[%clk 0:02:54]} Nxe4 {[%clk 0:03:03]} 5. Qf3 {[%clk 0:02:55]} Nxc3
{[%clk 0:03:02]} 6. dxc3 {[%clk 0:02:47]} Nc6 {[%clk 0:02:57]} 7. Bf4
{[%clk 0:02:45]} Be6 {[%clk 0:02:02]} 8. O-O-O {[%clk 0:02:44]} Qd7
{[%clk 0:02:03]} 9. h3 {[%clk 0:02:35]} O-O-O {[%clk 0:01:58]} 10. Bb5
{[%clk 0:02:29]} a6 {[%clk 0:01:59]} 11. Ba4 {[%clk 0:02:30]} Bc5
{[%clk 0:01:42]} 12. Ne2 {[%clk 0:02:31]} h6 {[%clk 0:01:32]} 13. Nd4
{[%clk 0:01:12]} b5 {[%clk 0:01:23]} 14. Bb3 {[%clk 0:00:57]} Nxd4
{[%clk 0:01:13]} 15. cxd4 {[%clk 0:00:58]} Bb6 {[%clk 0:01:12]} 16. Qe2
{[%clk 0:00:39]} Kb7 {[%clk 0:01:01]} 17. Rhf1 {[%clk 0:00:34]} Bf5
{[%clk 0:00:56]} 18. c3 {[%clk 0:00:16]} a5 {[%clk 0:00:25]} 19. Bc2
{[%clk 0:00:17]} Bxc2 {[%clk 0:00:26]} 20. Qxc2 {[%clk 0:00:18]} a4
{[%clk 0:00:27]} 21. a3 {[%clk 0:00:17]} Rhe8 {[%clk 0:00:19]} 22. Bg3
{[%clk 0:00:17]} c6 {[%clk 0:00:17]} 23. Qf2 {[%clk 0:00:12]} Rf8
{[%clk 0:00:14]} 24. Qf5 {[%clk 0:00:10]} Qe7 {[%clk 0:00:13]} 25. Qg4
{[%clk 0:00:07]} Ba5 {[%clk 0:00:10]} 26. Kc2 {[%clk 0:00:07]} g5
{[%clk 0:00:10]} 27. h4 {[%clk 0:00:07]} Bc7 {[%clk 0:00:10]} 28. hxg5
{[%clk 0:00:06]} hxg5 {[%clk 0:00:11]} 29. Be1 {[%clk 0:00:06]} f6
{[%clk 0:00:09]} 30. Bd2 {[%clk 0:00:06]} fxe5 {[%clk 0:00:08]} 31. Bxg5
{[%clk 0:00:05]} Qh7+ {[%clk 0:00:09]} 32. Kc1 {[%clk 0:00:05]} Rde8
{[%clk 0:00:05]} 33. Rxf8 {[%clk 0:00:05]} Rxf8 34. Be3 {[%clk 0:00:05]} e4
{[%clk 0:00:07]} 35. Re1 {[%clk 0:00:04]} Rg8 {[%clk 0:00:08]} 36. Qe2
{[%clk 0:00:05]} Qg6 {[%clk 0:00:09]} 37. Rg1 {[%clk 0:00:05]} Qg3
{[%clk 0:00:11]} 38. Bf2 {[%clk 0:00:06]} Bf4+ {[%clk 0:00:12]} 39. Kb1
{[%clk 0:00:06]} Qg4 {[%clk 0:00:13]} 40. Qc2 {[%clk 0:00:06]} e3
{[%clk 0:00:14]} 41. Be1 {[%clk 0:00:08]} Qg3 {[%clk 0:00:15]} 42. Bxg3
{[%clk 0:00:08]} Rxg3 {[%clk 0:00:14]} 43. Qf5 {[%clk 0:00:08]} Bc7
{[%clk 0:00:14]} 44. Re1 {[%clk 0:00:09]} Rxg2 {[%clk 0:00:12]} 45. Rxe3
{[%clk 0:00:09]} 1-0

[Event "Team Championship Russia (Blitz, Women)"]
[Site "Sochi"]
[Date "2018.10.10"]
[Round "4.5"]
[White "Samusenko, Ramziya"]
[Black "Suslova, Alena"]
[Result "1-0"]
[BlackElo "2030"]
[WhiteElo "2075"]
[LiveChessVersion "1.4.8"]

1. d4 {[%clk 0:03:02]} g6 {[%clk 0:03:03]} 2. Nc3 {[%clk 0:03:01]} Bg7
{[%clk 0:03:04]} 3. e4 {[%clk 0:03:02]} Nf6 {[%clk 0:03:04]} 4. Be3
{[%clk 0:02:59]} d6 {[%clk 0:03:04]} 5. f3 {[%clk 0:03:00]} O-O 6. Qd2 Nbd7
{[%clk 0:03:00]} 7. g4 {[%clk 0:02:57]} c5 {[%clk 0:02:58]} 8. O-O-O
{[%clk 0:02:54]} cxd4 {[%clk 0:02:51]} 9. Bxd4 {[%clk 0:02:52]} a6
{[%clk 0:02:49]} 10. h4 {[%clk 0:02:48]} h5 {[%clk 0:02:48]} 11. gxh5
{[%clk 0:02:42]} Nxh5 {[%clk 0:02:44]} 12. Bxg7 {[%clk 0:02:38]} Kxg7
{[%clk 0:02:34]} 13. Nh3 {[%clk 0:02:36]} b5 {[%clk 0:02:24]} 14. Nf4
{[%clk 0:02:25]} Nxf4 {[%clk 0:02:04]} 15. Qxf4 {[%clk 0:02:25]} Nf6
{[%clk 0:01:48]} 16. e5 {[%clk 0:02:10]} Nh5 {[%clk 0:01:48]} 17. Qd4
{[%clk 0:02:03]} f6 {[%clk 0:01:46]} 18. exd6 {[%clk 0:01:47]} exd6
{[%clk 0:01:46]} 19. Rg1 {[%clk 0:01:39]} Bf5 {[%clk 0:01:34]} 20. Bd3
{[%clk 0:01:19]} Bxd3 {[%clk 0:01:34]} 21. Rxd3 {[%clk 0:01:10]} Qa5
{[%clk 0:01:25]} 22. Qg4 {[%clk 0:00:59]} Qc7 {[%clk 0:00:56]} 23. Qxg6+
{[%clk 0:00:57]} Kh8 {[%clk 0:00:57]} 24. Qxh5+ {[%clk 0:00:54]} Qh7
{[%clk 0:00:58]} 25. Qxh7+ {[%clk 0:00:46]} Kxh7 {[%clk 0:00:59]} 26. Rxd6
{[%clk 0:00:46]} Ra7 {[%clk 0:00:51]} 27. Ne4 {[%clk 0:00:45]} Raf7
{[%clk 0:00:43]} 28. Rxa6 {[%clk 0:00:43]} Kh6 {[%clk 0:00:44]} 29. Rb6
{[%clk 0:00:37]} Kh5 {[%clk 0:00:44]} 30. Ng3+ Kxh4 {[%clk 0:00:43]} 31. Nf5+
{[%clk 0:00:28]} Kh3 {[%clk 0:00:45]} 32. Rxb5 {[%clk 0:00:26]} Kh2
{[%clk 0:00:40]} 33. Rg4 {[%clk 0:00:20]} Rd8 {[%clk 0:00:36]} 34. Ne3
{[%clk 0:00:18]} f5 {[%clk 0:00:33]} 35. Rxf5 {[%clk 0:00:14]} 1-0